Cities Ending in Vowels - UK - Statistics

General Stats
  • This quiz has been taken 180 times
    160 since last reset
  • The average score is 6 of 16
Answer Stats
Hint Answer % Correct
Famous university town in England Cambridge
94%
Second largest Welsh city Swansea
85%
Scottish city over the river Tay Dundee
70%
Large city found on the river Tyne Newcastle
69%
City home of the pottery industry in England Stoke
46%
Trendy, touristy city south of London with a famous pier Brighton & Hove
40%
English cathedral city near Hadrian's wall Carlisle
37%
Spa town in the district and county of North Yorkshire Harrogate
33%
Railway town in Cheshire, England Crewe
25%
Newly crowned city in Fife, Scotland Dunfermline
22%
Coastal, touristy town on England's south coast Poole
22%
Seaside town and civil parish in Lancashire, England Morecambe
17%
Market town in Buckinghamshire, England High Wycombe
14%
Industrial town in Lincolnshire Scunthorpe
12%
Town known for cotton industry in Greater Manchester Rochdale
11%
Large town just north of London Stevenage
7%
No matching quizzes found
Score Distribution
Percent of People with Each Score
Percentile by Number Answered
Your Score History
You have not taken this quiz since the last reset